| 000 | 00766nam a2200205Ia 4500 | ||
|---|---|---|---|
| 003 | GCL | ||
| 008 | 140319s9999 xx 000 0 ara d | ||
| 040 |
_aGCL / _cGCL |
||
| 082 | 0 | 4 |
_a183 _bم ت |
| 100 | 1 | _aمحمد عبدالرحمن مرحبا | |
| 245 | 1 | 0 |
_aتاريخ الفلسفة اليونانية من بداياتها حتى المرحلة الهلنستية / _cمحمد عبدالرحمن مرحبا |
| 260 |
_a[S.N] : _bمؤسسة عز الدين للطباعة والنشر ، _c1993 |
||
| 300 | _a350 ص | ||
| 490 |
_aسلسلة الفلسفة فى العالم والتاريخ _v0 |
||
| 650 | 0 | 4 | _aتاريخ |
| 650 | 0 | 4 | _aالفلسفة |
| 650 | 0 | 4 | _aالفلسفة اليونانية |
| 650 | 0 | 4 | _aالافلاطونية |
| 942 |
_2ddc _cBK |
||
| 999 |
_c35100 _d35100 |
||